000 00410nam a2200157 4500
082 _aM 030
_bDHA/L
100 _aDhanya R
245 _aLP UP samagrapadavaly/
_cby Dhanya R
260 _aKozhikkode:
_bAtma books pavanatma publishers,
_c2025.
300 _a265p.
650 _aObjective questions education
650 _aGeneral Knowledge
650 _aEducation
650 _aSocial Science
942 _cBK
999 _c181718
_d181718